Online katalóg knižníc regiónu Turca

Most na Drine a iné prózy (Record no. 22737)

MARC details
000 -LEADER
fixed length control field 02000cam a2200613 a 4500
001 - CONTROL NUMBER
control field 22737
003 - CONTROL NUMBER IDENTIFIER
control field SK-KTurca
005 - DATE AND TIME OF LATEST TRANSACTION
control field 20260421163823.0
008 - FIXED-LENGTH DATA ELEMENTS--GENERAL INFORMATION
fixed length control field 240226s1970 xo 000 f slo
015 ## - NATIONAL BIBLIOGRAPHY NUMBER
National bibliography number SNBA1970/08-01893
020 ## - INTERNATIONAL STANDARD BOOK NUMBER
Qualifying information (viaz.)
035 ## - SYSTEM CONTROL NUMBER
System control number SNK000407348
035 ## - SYSTEM CONTROL NUMBER
System control number EDDCFFC0-5906-465C-A709-2E58561A9FD5
035 ## - SYSTEM CONTROL NUMBER
System control number urn:nbn:sk:snk-am00ik7h
040 ## - CATALOGING SOURCE
Original cataloging agency SNK
Language of cataloging slo
Transcribing agency SNK
Description conventions AACR2
041 1# - LANGUAGE CODE
Language code of text/sound track or separate title slo
Language code of original srp
044 ## - COUNTRY OF PUBLISHING/PRODUCING ENTITY CODE
MARC country code xo
ISO country code SK
072 #7 - SUBJECT CATEGORY CODE
Subject category code 821.163
Subject category code subdivision Južnoslovanské literatúry
Source konspekt
080 ## - UNIVERSAL DECIMAL CLASSIFICATION NUMBER
Universal Decimal Classification number 821.163.41-31
Edition identifier 2011
080 ## - UNIVERSAL DECIMAL CLASSIFICATION NUMBER
Universal Decimal Classification number 821.163.41-32
Edition identifier 2011
100 1# - MAIN ENTRY--PERSONAL NAME
Personal name Andrić, Ivo,
Dates associated with a name 1892-1975
Relationship aut
245 10 - TITLE STATEMENT
Title Most na Drine a iné prózy
Statement of responsibility, etc. Ivo Andrić ; zo srbochorvátskych originálov preložili Tomáš Štrba, Andrej Vrbacký a Branislav Choma ; doslov napísal a chronológiu zostavil Branislav Choma
250 ## - EDITION STATEMENT
Edition statement 1. vyd.
260 ## - PUBLICATION, DISTRIBUTION, ETC.
Place of publication, distribution, etc. Bratislava
Name of publisher, distributor, etc. Slovenský spisovateľ
Date of publication, distribution, etc. 1970
Place of manufacture Martin
Manufacturer Tlačiarne SNP
300 ## - PHYSICAL DESCRIPTION
Extent 754 s.
Dimensions
366 ## - TRADE AVAILABILITY INFORMATION
Note 27000 výtl.
490 1# - SERIES STATEMENT
Series statement Knižnica Nobelových cien
655 #7 - INDEX TERM--GENRE/FORM
Genre/form data or focus term srbské romány
Source of term SNKPH
655 #7 - INDEX TERM--GENRE/FORM
Genre/form data or focus term srbské poviedky
Source of term SNKPH
655 #7 - INDEX TERM--GENRE/FORM
Genre/form data or focus term Serbian fiction
Source of term SNKPHeng
655 #7 - INDEX TERM--GENRE/FORM
Genre/form data or focus term Serbian short stories
Source of term SNKPHeng
700 1# - ADDED ENTRY--PERSONAL NAME
Personal name Vrbacký, Andrej,
Dates associated with a name 1908-1974
Relationship trl
700 1# - ADDED ENTRY--PERSONAL NAME
Personal name Choma, Branislav,
Dates associated with a name 1924-2007
Relationship trl
-- aft
-- com
700 1# - ADDED ENTRY--PERSONAL NAME
Personal name Štrba, Tomáš,
Relationship trl
740 02 - ADDED ENTRY--UNCONTROLLED RELATED/ANALYTICAL TITLE
Uncontrolled related/analytical title Prekliaty dvor
740 02 - ADDED ENTRY--UNCONTROLLED RELATED/ANALYTICAL TITLE
Uncontrolled related/analytical title Cesta Aliju Djerzeleza
740 02 - ADDED ENTRY--UNCONTROLLED RELATED/ANALYTICAL TITLE
Uncontrolled related/analytical title Čorkan a Švábka
740 02 - ADDED ENTRY--UNCONTROLLED RELATED/ANALYTICAL TITLE
Uncontrolled related/analytical title Mustafa Maďar
740 02 - ADDED ENTRY--UNCONTROLLED RELATED/ANALYTICAL TITLE
Uncontrolled related/analytical title Most na Žepe
740 02 - ADDED ENTRY--UNCONTROLLED RELATED/ANALYTICAL TITLE
Uncontrolled related/analytical title Mara milostnica
740 02 - ADDED ENTRY--UNCONTROLLED RELATED/ANALYTICAL TITLE
Uncontrolled related/analytical title Anikine časy
740 02 - ADDED ENTRY--UNCONTROLLED RELATED/ANALYTICAL TITLE
Uncontrolled related/analytical title Svadba
740 02 - ADDED ENTRY--UNCONTROLLED RELATED/ANALYTICAL TITLE
Uncontrolled related/analytical title Smrť v Sinanovom kláštore
740 02 - ADDED ENTRY--UNCONTROLLED RELATED/ANALYTICAL TITLE
Uncontrolled related/analytical title Olujaky
740 02 - ADDED ENTRY--UNCONTROLLED RELATED/ANALYTICAL TITLE
Uncontrolled related/analytical title Oslava
740 02 - ADDED ENTRY--UNCONTROLLED RELATED/ANALYTICAL TITLE
Uncontrolled related/analytical title Smäd
740 02 - ADDED ENTRY--UNCONTROLLED RELATED/ANALYTICAL TITLE
Uncontrolled related/analytical title Rozprávka o vezírovom slonovi
740 02 - ADDED ENTRY--UNCONTROLLED RELATED/ANALYTICAL TITLE
Uncontrolled related/analytical title Letovanie na juhu
740 02 - ADDED ENTRY--UNCONTROLLED RELATED/ANALYTICAL TITLE
Uncontrolled related/analytical title Žena na kameni
740 02 - ADDED ENTRY--UNCONTROLLED RELATED/ANALYTICAL TITLE
Uncontrolled related/analytical title Jelena, žena nejestvujúca
830 #0 - SERIES ADDED ENTRY--UNIFORM TITLE
Uniform title Knižnica Nobelových cien
942 ## - ADDED ENTRY ELEMENTS (KOHA)
Source of classification or shelving scheme Dewey Decimal Classification
Koha item type Krásna literatúra pre dospelých
Suppress in OPAC No
Holdings
Stav vyradenia Strata Poškodenie Spôsob nadobudnutia Domovská knižnica Aktuálna knižnica Dátum nadobudnutia Total checkouts Čiarový kód exemplára Date last seen Typ exemplára
      Dar Obecná knižnica Horná Štubňa Obecná knižnica Horná Štubňa 21.04.2026   4736202279 21.04.2026 Krásna literatúra pre dospelých
Projekt je podporený Slovenskou asociáciou knižníc
Prevádzkuje Turčianska knižnica Martin 2026